Bacteria: A treatise on structure and function. V 6. Bacterial diversity (Record no. 33352)

MARC details
000 -LEADER
fixed length control field 00383nam a2200133Ia 4500
082 ## - DEWEY DECIMAL CLASSIFICATION NUMBER
Classification number 579.22
Item number BAC.6
245 #0 - TITLE STATEMENT
Title Bacteria: A treatise on structure and function. V 6. Bacterial diversity
260 ## - PUBLICATION, DISTRIBUTION, ETC. (IMPRINT)
Place of publication New York
Name of publisher Academic
Year of publication 1978
650 ## - SUBJECT ADDED ENTRY--TOPICAL TERM
Topical Term Bacterial diversity
650 ## - SUBJECT ADDED ENTRY--TOPICAL TERM
Topical Term Bacteriology
700 ## - ADDED ENTRY--PERSONAL NAME
Personal name GUNSALUS, I C
942 ## - ADDED ENTRY ELEMENTS (KOHA)
Koha item type Books
Holdings
Withdrawn status Lost status Damaged status Not for loan Home library Current library Date acquired Full call number Accession Number Koha item type
        RRII Library RRII Library 16/12/2021 579.22 BAC.6 13850 Books